Data structures (Record no. 241055)

MARC details
000 -LEADER
fixed length control field 01076nam a22002417a 4500
005 - DATE AND TIME OF LATEST TRANSACTION
control field 20260325113415.0
008 - FIXED-LENGTH DATA ELEMENTS--GENERAL INFORMATION
fixed length control field 260325b |||||||| |||| 00| 0 eng d
020 ## - INTERNATIONAL STANDARD BOOK NUMBER
International Standard Book Number 9789389688566
040 ## - CATALOGING SOURCE
Transcribing agency AL
041 ## - LANGUAGE CODE
Language code of text/sound track or separate title eng
082 ## - DEWEY DECIMAL CLASSIFICATION NUMBER
Classification number 005.73
Item number SUDD
100 ## - MAIN ENTRY--PERSONAL NAME
Personal name P Sudharsan
100 ## - MAIN ENTRY--PERSONAL NAME
9 (RLIN) 259271
245 ## - TITLE STATEMENT
Title Data structures
260 ## - PUBLICATION, DISTRIBUTION, ETC.
Place of publication, distribution, etc. New Delhi
Name of publisher, distributor, etc. CBS Publishers and Distributors Pvt Ltd
Date of publication, distribution, etc. 2020
300 ## - PHYSICAL DESCRIPTION
Extent xii,434p
Other physical details PB
Dimensions 24x17cm
365 ## - TRADE PRICE
Source of price type code Computer Science and Engineering
Price type code VBI-2645
Price amount ₹326.25
Currency code
Unit of pricing ₹435.00
Price note 25%
Price effective from 20-02-2026
520 ## - SUMMARY, ETC.
Summary, etc. This book is specifically designed in accordance with the 'Anna University 2017 regulation' Of CSE and it courses. It is written in an easy to understand manner to meet the requirements of the students who want to get conversant with programming in C and to write programs in C for various data structures with algorithms.
650 ## - SUBJECT ADDED ENTRY--TOPICAL TERM
Topical term or geographic name entry element For Anna University CSE IT Courses
9 (RLIN) 259261
650 ## - SUBJECT ADDED ENTRY--TOPICAL TERM
Topical term or geographic name entry element Linear Data Structures
9 (RLIN) 259262
650 ## - SUBJECT ADDED ENTRY--TOPICAL TERM
Topical term or geographic name entry element Hashing Techniques
9 (RLIN) 259263
700 ## - ADDED ENTRY--PERSONAL NAME
Personal name Kumar, J John Manoj
9 (RLIN) 259241
942 ## - ADDED ENTRY ELEMENTS (KOHA)
Source of classification or shelving scheme Dewey Decimal Classification
Koha item type Book
Holdings
Withdrawn status Lost status Source of classification or shelving scheme Damaged status Not for loan Collection code Home library Current library Date acquired Source of acquisition Cost, normal purchase price Total Checkouts Full call number Barcode Date last seen Cost, replacement price Price effective from Koha item type
    Dewey Decimal Classification     Computer Science and Engineering St Aloysius Engineering Library St Aloysius Engineering Library 02/20/2026 Vidyathri Books, Bengaluru-560076 326.25   005.73 SUDD SE000340 03/25/2026 435.00 02/20/2026 Book